[Event "Remembrance Day Sectionals"]
[Site "Winnipeg CAN"]
[Date "2022.11.11"]
[Round "3.1"]
[White "Baron, Gustav"]
[Black "Odugbesan, Adedapo"]
[Result "1-0"]
[WhiteElo "2058"]
[BlackElo "2228"]
[PlyCount "109"]
[EventDate "2022.11.11"]
[EventType "swiss"]
[EventRounds "3"]
[EventCountry "CAN"]

1. d4 d5 2. c4 e6 3. Nc3 c6 4. e4 dxe4 5. Nxe4 Nf6 6. Nc3 Bd6 7. Nf3 Nbd7 8.
Bd3 O-O 9. Bg5 e5 10. O-O exd4 11. Nxd4 Qc7 12. h3 Be5 13. Nf3 Bf4 14. Qc2 Bxg5
15. Nxg5 h6 16. Nf3 Nc5 17. Rad1 Qf4 18. Ne2 Qc7 19. Ng3 Qf4 20. Bf5 Ne6 21.
Rfe1 c5 22. Ne2 Qc7 23. Nc3 Qf4 24. Nd5 Nxd5 25. cxd5 Ng5 26. Nxg5 Bxf5 27. Ne4
Rfe8 28. f3 b6 29. Qa4 Kh8 30. b3 Bxh3 31. gxh3 Qxf3 32. Nf2 Qg3+ 33. Kf1 Rf8
34. Qe4 f5 35. Qg2 Qd6 36. Re6 Qd7 37. Qg6 Rf7 38. Re5 Qb5+ 39. Kg1 Raf8 40.
Rde1 c4 41. bxc4 Qxc4 42. a3 Qc3 43. Re6 Rf6 44. Qg2 Qxa3 45. d6 Qc3 46. Qd5
Qg3+ 47. Kf1 f4 48. Rxf6 gxf6 49. Qg2 Qa3 50. d7 Qa4 51. Qd5 Rd8 52. Re7 f3 53.
Kg1 a6 54. Qf7 Qa1+ 55. Kh2 1-0

[Event "Remembrance Day Sectionals"]
[Site "Winnipeg CAN"]
[Date "2022.11.11"]
[Round "3.2"]
[White "Stordeur, Jackson"]
[Black "Baxted, Peter"]
[Result "0-1"]
[WhiteElo "1589"]
[BlackElo "1941"]
[PlyCount "20"]
[EventDate "2022.11.11"]
[EventType "swiss"]
[EventRounds "3"]
[EventCountry "CAN"]

1. e4 c6 2. d4 d5 3. exd5 cxd5 4. c4 Nf6 5. Nc3 Nc6 6. Nf3 g6 7. Bg5 Bg7 8. c5
Bg4 9. Qb3 Bxf3 10. Qxb7 Nxd4 0-1

[Event "Remembrance Day Sectionals"]
[Site "Winnipeg CAN"]
[Date "2022.11.11"]
[Round "3.3"]
[White "Rutter, Blair"]
[Black "Bonness, Will"]
[Result "1-0"]
[WhiteElo "1900"]
[BlackElo "1837"]
[PlyCount "120"]
[EventDate "2022.11.11"]
[EventType "swiss"]
[EventRounds "3"]
[EventCountry "CAN"]

1. c4 d5 2. g3 e6 3. Bg2 Nf6 4. Nf3 c5 5. O-O Be7 6. d3 O-O 7. Qc2 Nc6 8. e3
Rb8 9. Re1 e5 10. cxd5 Nxd5 11. a3 Be6 12. Nbd2 Qd7 13. Ne4 b6 14. Bd2 h6 15.
Rad1 Bg4 16. Bc3 Nxc3 17. Qxc3 Qc7 18. d4 f5 19. Qb3+ Kh8 20. Nc3 e4 21. Nd5
Qb7 22. Nxe7 Qxe7 23. Nh4 Qf6 24. f3 exf3 25. Bxf3 cxd4 26. Bxg4 fxg4 27. Rf1
Qd6 28. Qd3 Rxf1+ 29. Rxf1 Ne5 30. Qxd4 Qc7 31. Qxe5 Qxe5 32. Ng6+ Kg8 33. Nxe5
Re8 34. Rf5 Re6 35. Nxg4 Rc6 36. Rf2 Re6 37. Re2 Kf7 38. Kg2 Kg6 39. h4 Kf5 40.
Kf3 h5 41. Nf2 Ke5 42. Nd3+ Kd6 43. e4 Rf6+ 44. Ke3 Rg6 45. e5+ Ke7 46. Kf3 Rc6
47. Nf4 Rh6 48. Ke4 Rh7 49. Rc2 Rh6 50. Rc7+ Kf8 51. Rxa7 Rc6 52. Rb7 Rc2 53.
Rxb6 Rc1 54. Rb7 g6 55. Nxg6+ Ke8 56. Nf4 Kd8 57. e6 Ke8 58. Kf5 Re1 59. Kf6
Rxe6+ 60. Kxe6 Kf8 1-0

[Event "Remembrance Day Sectionals"]
[Site "Winnipeg CAN"]
[Date "2022.11.11"]
[Round "3.5"]
[White "Klokow, John"]
[Black "Melynk, Jim"]
[Result "1-0"]
[WhiteElo "1661"]
[BlackElo "1652"]
[PlyCount "63"]
[EventDate "2022.11.11"]
[EventType "swiss"]
[EventRounds "3"]
[EventCountry "CAN"]

1. e4 d6 2. d4 Nf6 3. Nc3 c6 4. Be3 Qa5 5. Bd3 Nbd7 6. Nf3 e5 7. O-O Be7 8. h3
O-O 9. Rb1 Re8 10. b4 Qc7 11. Qd2 Nb6 12. Rfc1 exd4 13. Nxd4 a6 14. Nce2 c5 15.
bxc5 dxc5 16. Nf3 Be6 17. Qa5 Nfd7 18. Nf4 Bd8 19. Nxe6 Rxe6 20. Nd2 Rc8 21.
Rd1 Qd6 22. Qc3 Bf6 23. Qb3 Bd4 24. Nc4 Qc7 25. Bxd4 cxd4 26. f3 Nc5 27. Qb2
Rd8 28. Nxb6 Qg3 29. Nd5 b5 30. Qxd4 Rc8 31. Bf1 Na4 32. Ne7+ 1-0

[Event "Remembrance Day Sectionals"]
[Site "Winnipeg CAN"]
[Date "2022.11.11"]
[Round "3.6"]
[White "Skop, Mike"]
[Black "Celones, Vincent"]
[Result "1/2-1/2"]
[WhiteElo "1645"]
[BlackElo "1207"]
[PlyCount "71"]
[EventDate "2022.11.11"]
[EventType "swiss"]
[EventRounds "3"]
[EventCountry "CAN"]

1. c3 d5 2. Na3 c5 3. Nc2 Nc6 4. g3 Bf5 5. Ne3 Qd7 6. Nxf5 Qxf5 7. Bh3 Qh5 8.
Qb3 Rb8 9. d3 Nf6 10. Bg2 e6 11. Nh3 Bd6 12. f3 O-O 13. Nf2 Rfe8 14. O-O Ne5
15. e4 Nxf3+ 16. Bxf3 Qxf3 17. Qd1 Qxd1 18. Rxd1 Rbd8 19. Bg5 Be5 20. d4 Bd6
21. e5 h6 22. Bxf6 gxf6 23. exd6 Rxd6 24. Ng4 Kg7 25. Re1 cxd4 26. cxd4 h5 27.
Ne3 Rb6 28. b3 Rc8 29. Rac1 Rbc6 30. Rxc6 Rxc6 31. Re2 Rc3 32. Kf2 Rd3 33. Nc2
Kg6 34. Re3 Rd2+ 35. Re2 Rd3 36. Re3 1/2-1/2

[Event "Remembrance Day Sectionals"]
[Site "Winnipeg CAN"]
[Date "2022.11.11"]
[Round "3.7"]
[White "Sharma, Rohit"]
[Black "Jarmasz, Peter"]
[Result "0-1"]
[WhiteElo "1611"]
[BlackElo "1622"]
[PlyCount "110"]
[EventDate "2022.11.11"]
[EventType "swiss"]
[EventRounds "3"]
[EventCountry "CAN"]

1. c4 Nf6 2. e3 e6 3. d4 d5 4. Nf3 Be7 5. Nc3 O-O 6. Bd3 Nbd7 7. O-O dxc4 8.
Bxc4 Nb6 9. Bd3 Nbd5 10. a3 Nxc3 11. bxc3 c5 12. Bb2 Qc7 13. h3 b6 14. Be2 Bb7
15. Ne5 Bd6 16. Ng4 Nxg4 17. Bxg4 c4 18. Bf3 Rfd8 19. Bxb7 Qxb7 20. Qg4 f5 21.
Qe2 Rac8 22. a4 Qd5 23. Rfe1 e5 24. e4 fxe4 25. Qxe4 Qxe4 26. Rxe4 exd4 27.
Rxd4 Bc5 28. Rxd8+ Rxd8 29. Ba3 Bxa3 30. Rxa3 Rd3 31. Kf1 Kf7 32. Ke2 Ke6 33.
f3 a6 34. Kf2 Kf5 35. Kg3 g5 36. Kf2 h5 37. g3 h4 38. a5 b5 39. Kg2 Rd2+ 40.
Kf1 hxg3 41. Ra1 Rd3 42. Rc1 Rxf3+ 43. Kg2 Rd3 44. Rf1+ Kg6 45. Rc1 Kh5 46. Rc2
Kh4 47. Rc1 Rd2+ 48. Kf3 Rf2+ 49. Ke3 Kxh3 50. Rh1+ Kg2 51. Ra1 Rf3+ 52. Kd4
Kh2 53. Rc1 g2 54. Rc2 Kh1 55. Rc1+ g1=Q+ 0-1

[Event "Remembrance Day Sectionals"]
[Site "Winnipeg CAN"]
[Date "2022.11.11"]
[Round "3.8"]
[White "Jenkins, Mark"]
[Black "Odeyemi, Emmanuel"]
[Result "0-1"]
[WhiteElo "1408"]
[BlackElo "1298"]
[PlyCount "96"]
[EventDate "2022.11.11"]
[EventType "swiss"]
[EventRounds "3"]
[EventCountry "CAN"]

1. d4 d5 2. c4 e6 3. Nc3 Nf6 4. Bg5 Nbd7 5. Nf3 Be7 6. Qc2 c5 7. e4 cxd4 8.
Nxd4 dxe4 9. Nxe4 Nxe4 10. Bxe7 Qxe7 11. Qxe4 Qb4+ 12. Kd1 Qxb2 13. Nc2 O-O 14.
Bd3 g6 15. h4 Nc5 16. Qe2 Nxd3 17. Qxd3 b6 18. Rh3 Ba6 19. Qc3 Rad8+ 20. Ke1
Qxc3+ 21. Rxc3 Bb7 22. Ne3 Rd7 23. Rb1 Rfd8 24. Ra3 Be4 25. Rb2 f5 26. f3 Ba8
27. Ke2 Kf7 28. Rc3 Rd4 29. c5 bxc5 30. Rxc5 R4d7 31. Rc4 Bd5 32. Rd4 Bxf3+ 33.
Kxf3 Rxd4 34. Rb7+ R8d7 35. Rxd7+ Rxd7 36. Nc4 Kg7 37. Ne5 Rd2 38. g4 fxg4+ 39.
Kxg4 Rxa2 40. Nc6 a5 41. Nd4 Ra4 42. h5 Rxd4+ 43. Kg5 gxh5 44. Kxh5 a4 45. Kg5
a3 46. Kh5 a2 47. Kg5 a1=Q 48. Kh5 Qa5# 0-1

[Event "Remembrance Day Sectionals"]
[Site "Winnipeg CAN"]
[Date "2022.11.11"]
[Round "3.11"]
[White "Gao, Yueheng"]
[Black "Zhou, Zixuan"]
[Result "0-1"]
[WhiteElo "855"]
[BlackElo "1267"]
[PlyCount "54"]
[EventDate "2022.11.11"]
[EventType "swiss"]
[EventRounds "3"]
[EventCountry "CAN"]

1. e4 c5 2. d4 cxd4 3. c3 dxc3 4. Nxc3 e5 5. Bc4 Bc5 6. Nf3 Nf6 7. Bg5 d6 8.
Qb3 Qc7 9. Bxf6 gxf6 10. Nd5 Qa5+ 11. Ke2 f5 12. Rad1 fxe4 13. Nf6+ Ke7 14.
Nxe4 f5 15. Nxc5 Qxc5 16. Rd5 Qc7 17. Rhd1 Be6 18. Rxd6 Bxc4+ 19. Ke1 Bxb3 20.
axb3 Qxd6 21. Rxd6 Kxd6 22. Ng5 Nc6 23. Nf7+ Ke7 24. Nxe5 Nxe5 25. f4 Nd3+ 26.
Kd2 Nxf4 27. Ke3 Nxg2+ 0-1

[Event "Remembrance Day op"]
[Site "Halifax CAN"]
[Date "2022.11.25"]
[Round "1"]
[White "Heran-Boily, Samuel"]
[Black "Cooke, Ray"]
[Result "1-0"]
[WhiteElo "1925"]
[BlackElo "1656"]
[PlyCount "67"]
[EventDate "2022.11.25"]
[EventType "swiss"]
[EventRounds "5"]
[EventCountry "CAN"]

1. e4 e5 2. Nf3 Nc6 3. Bb5 Nf6 4. d3 d6 5. O-O Be7 6. c3 Bd7 7. Ba4 O-O 8. Re1
Rc8 9. Bc2 Bg4 10. Nbd2 Re8 11. h3 Bd7 12. Nf1 Nb8 13. d4 exd4 14. cxd4 c5 15.
d5 Bb5 16. Ng3 Nbd7 17. Bf4 h6 18. Nf5 Bf8 19. Bxd6 Nb6 20. Bxf8 Kxf8 21. a4
Ba6 22. a5 Nc4 23. b3 Nxa5 24. Qd2 b6 25. Rad1 Bb7 26. b4 Nc4 27. Qc3 cxb4 28.
Qxb4+ Rc5 29. Bd3 a5 30. Qb3 Nd6 31. Nxd6 Qxd6 32. e5 Qxd5 33. Qa3 Nd7 34. Bb5
1-0

[Event "Remembrance Day op"]
[Site "Halifax CAN"]
[Date "2022.11.25"]
[Round "1"]
[White "Kapra, Jerjis"]
[Black "Memet, Ryan"]
[Result "1-0"]
[WhiteElo "2086"]
[BlackElo "1694"]
[PlyCount "67"]
[EventDate "2022.11.25"]
[EventType "swiss"]
[EventRounds "5"]
[EventCountry "CAN"]

1. e4 c5 2. Nc3 Nc6 3. Bb5 e6 4. Bxc6 dxc6 5. d3 Nf6 6. f4 Be7 7. Nf3 O-O 8.
Be3 Ng4 9. Bg1 e5 10. f5 Re8 11. Qd2 Nh6 12. O-O-O b5 13. h3 f6 14. Be3 Nf7 15.
Kb1 a5 16. g4 a4 17. h4 h6 18. g5 fxg5 19. hxg5 b4 20. g6 Ng5 21. f6 Bxf6 22.
Nxg5 bxc3 23. Qf2 Qb6 24. b3 axb3 25. cxb3 c2+ 26. Qxc2 Ra5 27. Qc4+ Be6 28.
Nxe6 Qb4 29. Nxc5+ Qxc4 30. dxc4 Be7 31. Nd3 Rea8 32. Rh2 h5 33. Nc1 c5 34.
Rxh5 1-0

[Event "Remembrance Day op"]
[Site "Halifax CAN"]
[Date "2022.11.25"]
[Round "1"]
[White "MacNeil, Conrad"]
[Black "Felix, Chris"]
[Result "0-1"]
[WhiteElo "1670"]
[BlackElo "2010"]
[PlyCount "118"]
[EventDate "2022.11.25"]
[EventType "swiss"]
[EventRounds "5"]
[EventCountry "CAN"]

1. e4 c5 2. f4 g6 3. Nf3 Bg7 4. c4 Nc6 5. Nc3 e6 6. Be2 Nge7 7. O-O O-O 8. d3
a6 9. Kh1 Rb8 10. a3 b5 11. e5 d6 12. exd6 Qxd6 13. Ne4 Qc7 14. cxb5 Nd4 15.
Nxd4 Bxd4 16. a4 axb5 17. axb5 Rxb5 18. Nc3 Rb8 19. Bf3 Bb7 20. Qc2 Bxf3 21.
Rxf3 Rb7 22. Ne2 Nf5 23. Ra4 Rfb8 24. Ra2 Rb3 25. Rh3 Bf6 26. Nc3 Qb6 27. Ne4
Bd4 28. Nc3 Qb4 29. Ra4 Qb7 30. Ra2 Nd6 31. Qd2 Qb4 32. Ra4 Bxc3 33. Rxb4 Bxd2
34. Rxb8+ Rxb8 35. Bxd2 Rxb2 36. Be3 Rb1+ 37. Bg1 Nf5 38. g4 Nd4 39. Re3 Rb2
40. Rg3 Rb1 41. Re3 Rc1 42. h4 Rc2 43. h5 Ne2 44. hxg6 hxg6 45. f5 Nxg1 46.
Kxg1 exf5 47. gxf5 g5 48. f6 Kh7 49. Rg3 Kg6 50. Rf3 Ra2 51. Kf1 Ra3 52. Ke2 c4
53. dxc4 Rxf3 54. Kxf3 Kxf6 55. Kg4 Kg6 56. c5 f5+ 57. Kf3 Kf6 58. Ke3 Ke5 59.
Kd3 Kd5 0-1

[Event "Remembrance Day op"]
[Site "Halifax CAN"]
[Date "2022.11.26"]
[Round "2"]
[White "Cashin, Ken"]
[Black "Heran-Boily, Samuel"]
[Result "0-1"]
[WhiteElo "1741"]
[BlackElo "1925"]
[PlyCount "96"]
[EventDate "2022.11.25"]
[EventType "swiss"]
[EventRounds "5"]
[EventCountry "CAN"]

1. e4 e6 2. d4 d5 3. Nc3 Bb4 4. e5 c5 5. Bd2 Ne7 6. Nf3 O-O 7. Nb5 Bxd2+ 8.
Qxd2 a6 9. Nd6 cxd4 10. Nxd4 Nbc6 11. Nxc6 Nxc6 12. f4 f6 13. Qe3 fxe5 14. fxe5
Qh4+ 15. g3 Qb4+ 16. Qc3 Qxc3+ 17. bxc3 Nxe5 18. Be2 Rd8 19. Nxc8 Raxc8 20. Kd2
Rc7 21. Rab1 Rdc8 22. Rb3 Kf7 23. Rf1+ Ke7 24. Rf4 Nc6 25. Rh4 h6 26. Rf4 Kd6
27. h4 Na5 28. Ra3 Nc4+ 29. Bxc4 Rxc4 30. Rf7 R8c7 31. Rf8 Rg4 32. Rf3 e5 33.
Rb3 b5 34. Rb4 Rcc4 35. Rxc4 Rxc4 36. Rf7 Rg4 37. Ra7 Rxg3 38. Rxa6+ Kc5 39.
Re6 Rg4 40. Rxe5 Rxh4 41. Re7 g5 42. Re6 h5 43. Rg6 g4 44. Rg5 Rh3 45. Rg6 g3
46. a3 h4 47. Rg7 Rh2+ 48. Kd3 g2 0-1

[Event "Remembrance Day op"]
[Site "Halifax CAN"]
[Date "2022.11.26"]
[Round "2"]
[White "Charlton, Glenn"]
[Black "Fleury, Bruce"]
[Result "1/2-1/2"]
[WhiteElo "2013"]
[BlackElo "1618"]
[PlyCount "68"]
[EventDate "2022.11.25"]
[EventType "swiss"]
[EventRounds "5"]
[EventCountry "CAN"]

1. d4 Nf6 2. Nf3 d6 3. c3 g6 4. h3 b6 5. Bf4 Bb7 6. Nbd2 Bg7 7. e3 Nbd7 8. Bc4
O-O 9. O-O e6 10. a4 a5 11. Re1 Re8 12. Bb5 c6 13. Bf1 e5 14. dxe5 dxe5 15. Bh2
e4 16. Nd4 Nc5 17. Nc4 Nd5 18. Nd6 Re7 19. Nxb7 Rxb7 20. Nxc6 Qg5 21. h4 Qf5
22. g4 Qd7 23. Bc4 Nd3 24. Bxd3 exd3 25. Ne5 Bxe5 26. Bxe5 Re8 27. Bd4 d2 28.
Rf1 Re4 29. f3 Nxe3 30. Qxd2 Nxf1 31. Rxf1 Re6 32. Re1 Rxe1+ 33. Qxe1 Qe6 34.
Qxe6 fxe6 1/2-1/2

[Event "Remembrance Day op"]
[Site "Halifax CAN"]
[Date "2022.11.26"]
[Round "2"]
[White "Marchand, Calix"]
[Black "Kapra, Jerjis"]
[Result "0-1"]
[WhiteElo "1782"]
[BlackElo "2086"]
[PlyCount "46"]
[EventDate "2022.11.25"]
[EventType "swiss"]
[EventRounds "5"]
[EventCountry "CAN"]

1. e4 e5 2. Nf3 Nc6 3. Bc4 Nf6 4. d4 exd4 5. e5 Ng4 6. O-O Be7 7. Bf4 g5 8.
Nxg5 d5 9. exd6 Bxg5 10. Re1+ Kf8 11. Qf3 Bxf4 12. Qxf4 Qf6 13. Qxf6 Nxf6 14.
dxc7 Bf5 15. Na3 a6 16. f3 h5 17. b4 b5 18. Bxb5 axb5 19. Nxb5 Ne8 20. Rxe8+
Kxe8 21. Nd6+ Kd7 22. Nxf5 Nxb4 23. Nxd4 Nc6 0-1

[Event "Remembrance Day op"]
[Site "Halifax CAN"]
[Date "2022.11.26"]
[Round "3"]
[White "Heran-Boily, Samuel"]
[Black "Weir, Ryan"]
[Result "1-0"]
[WhiteElo "1925"]
[BlackElo "1393"]
[PlyCount "95"]
[EventDate "2022.11.25"]
[EventType "swiss"]
[EventRounds "5"]
[EventCountry "CAN"]

1. e4 e6 2. d4 d5 3. Nd2 c5 4. exd5 Qxd5 5. Ngf3 Nf6 6. Bc4 Qd8 7. O-O Nc6 8.
Nb3 b6 9. Re1 Be7 10. Bg5 O-O 11. c3 Bb7 12. Qe2 cxd4 13. Nbxd4 Nxd4 14. Nxd4
Bd5 15. Rad1 Bxc4 16. Qxc4 Qd5 17. Qxd5 Nxd5 18. Bc1 Nc7 19. Nc6 Nd5 20. Rxd5
exd5 21. Nxe7+ Kh8 22. Nxd5 Rfe8 23. Be3 Rad8 24. c4 Rd7 25. a4 f5 26. Kf1 Kg8
27. Rd1 Kf7 28. b3 Re6 29. Ke2 f4 30. Nxf4 Rxd1 31. Kxd1 Rd6+ 32. Nd5 Ke8 33.
Kc2 Kd7 34. Kc3 Kc6 35. Kb4 Kb7 36. a5 bxa5+ 37. Kxa5 Ra6+ 38. Kb5 Ra1 39. b4
a6+ 40. Kc5 a5 41. bxa5 Rxa5+ 42. Kd6 Ra6+ 43. Kd7 Ra1 44. c5 Rd1 45. c6+ Ka6
46. c7 Rxd5+ 47. Kc6 Rd8 48. cxd8=Q 1-0

[Event "Remembrance Day op"]
[Site "Halifax CAN"]
[Date "2022.11.26"]
[Round "3"]
[White "Kapra, Jerjis"]
[Black "Al-Gashm, Wael"]
[Result "1-0"]
[WhiteElo "2086"]
[BlackElo "1574"]
[PlyCount "69"]
[EventDate "2022.11.25"]
[EventType "swiss"]
[EventRounds "5"]
[EventCountry "CAN"]

1. e4 e5 2. a3 Nf6 3. Nc3 Nc6 4. Nf3 a6 5. d4 exd4 6. Nxd4 Bc5 7. Be3 Bxd4 8.
Bxd4 Nxd4 9. Qxd4 O-O 10. e5 Ne8 11. O-O-O d6 12. Bd3 Qg5+ 13. f4 dxe5 14. Qxe5
Qxe5 15. fxe5 c6 16. Ne4 h6 17. Bc4 Bf5 18. Nc5 b6 19. Nd7 Bxd7 20. Rxd7 b5 21.
Ba2 c5 22. Rf1 c4 23. b3 Rc8 24. bxc4 bxc4 25. Rf4 Rc7 26. Rxc7 Nxc7 27. Bxc4
Ne6 28. Bxe6 fxe6 29. Rxf8+ Kxf8 30. Kd2 Ke7 31. Kc3 Kd7 32. Kb4 Kc6 33. c4 Kb6
34. c5+ Kc6 35. a4 1-0

[Event "Remembrance Day op"]
[Site "Halifax CAN"]
[Date "2022.11.26"]
[Round "3"]
[White "Kenney, David"]
[Black "Fleury, Bruce"]
[Result "1/2-1/2"]
[WhiteElo "1861"]
[BlackElo "1618"]
[PlyCount "105"]
[EventDate "2022.11.25"]
[EventType "swiss"]
[EventRounds "5"]
[EventCountry "CAN"]

1. d4 Nf6 2. c4 d6 3. Nc3 c6 4. e4 Nbd7 5. Nf3 g6 6. Be2 Bg7 7. O-O O-O 8. h3
Re8 9. Be3 e5 10. d5 c5 11. Qd2 Nf8 12. Bg5 Bd7 13. a4 a6 14. a5 Qc8 15. Nh2 h5
16. Qd3 N8h7 17. Bd2 Re7 18. Na4 Bxa4 19. Rxa4 Qe8 20. Ra3 Nd7 21. Qg3 Ndf6 22.
Bd3 Rc8 23. Bc2 Rcc7 24. Nf3 Qc8 25. Ng5 Re8 26. Nxh7 Nxh7 27. Raa1 Qd8 28. Ba4
Rf8 29. Rae1 Qe7 30. Bd1 Qd8 31. b3 Re7 32. Qh2 Qc7 33. g4 hxg4 34. hxg4 f6 35.
Kg2 Kf7 36. Qg3 Ke8 37. Rh1 Rh8 38. Rh2 Ng5 39. Rxh8+ Bxh8 40. Bxg5 fxg5 41.
Rh1 Rh7 42. Rxh7 Qxh7 43. Qc3 Qd7 44. f3 Bf6 45. b4 cxb4 46. Qxb4 Bd8 47. c5
dxc5 48. Qxc5 Qc7 49. Ba4+ Kf7 50. Qb4 Qc5 51. Qxc5 Be7 52. Qb4 Bd6 53. Qb3
1/2-1/2

[Event "Remembrance Day op"]
[Site "Halifax CAN"]
[Date "2022.11.27"]
[Round "4"]
[White "Fleury, Bruce"]
[Black "Marchand, Calix"]
[Result "0-1"]
[WhiteElo "1618"]
[BlackElo "1782"]
[PlyCount "72"]
[EventDate "2022.11.25"]
[EventType "swiss"]
[EventRounds "5"]
[EventCountry "CAN"]

1. e4 c5 2. Nc3 Nc6 3. Nf3 e6 4. a3 Be7 5. Bc4 Nf6 6. d3 d5 7. exd5 exd5 8. Ba2
d4 9. Ne2 O-O 10. h3 Qc7 11. O-O Bd6 12. Re1 b6 13. Bd2 Bb7 14. Kf1 Rfe8 15.
Neg1 h6 16. Qc1 Kh7 17. c3 Rxe1+ 18. Bxe1 Ba6 19. c4 Re8 20. Qc2 Bc8 21. Bd2 g5
22. Re1 Rxe1+ 23. Bxe1 Bf5 24. Bb1 Nd7 25. Bd2 Nde5 26. Ne1 f6 27. Qc1 Kg8 28.
Ne2 Qh7 29. Ng3 Nxd3 30. Qc2 Bxg3 31. fxg3 Nce5 32. Ke2 Nf4+ 33. gxf4 Bxc2 34.
Bxc2 d3+ 35. Nxd3 Qe4+ 36. Be3 gxf4 0-1

[Event "Remembrance Day op"]
[Site "Halifax CAN"]
[Date "2022.11.26"]
[Round "4"]
[White "Heran-Boily, Samuel"]
[Black "Kapra, Jerjis"]
[Result "1/2-1/2"]
[WhiteElo "1861"]
[BlackElo "1618"]
[PlyCount "33"]
[EventDate "2022.11.25"]
[EventType "swiss"]
[EventRounds "5"]
[EventCountry "CAN"]

1. e4 e5 2. Nf3 Nc6 3. Bb5 a6 4. Ba4 d6 5. c3 f5 6. exf5 Bxf5 7. O-O Bd3 8. Re1
Be7 9. Bc2 Bxc2 10. Qxc2 Nf6 11. d4 e4 12. Ng5 d5 13. f3 h6 14. Nh3 O-O 15. Nd2
exf3 16. Nxf3 Bd6 17. Bf4 1/2-1/2

[Event "Remembrance Day op"]
[Site "Halifax CAN"]
[Date "2022.11.27"]
[Round "4"]
[White "McKay, Brian"]
[Black "Kenney, David"]
[Result "1/2-1/2"]
[WhiteElo "1856"]
[BlackElo "1861"]
[PlyCount "26"]
[EventDate "2022.11.25"]
[EventType "swiss"]
[EventRounds "5"]
[EventCountry "CAN"]

1. e4 g6 2. Nf3 Bg7 3. Bc4 d6 4. c3 Nf6 5. d3 O-O 6. Bb3 c5 7. O-O Nc6 8. Bg5
h6 9. Bc1 e5 10. Nbd2 Qe7 11. Bc2 Bg4 12. h3 Be6 13. Re1 Rac8 1/2-1/2

[Event "Remembrance Day op"]
[Site "Halifax CAN"]
[Date "2022.11.27"]
[Round "5"]
[White "Kapra, Jerjis"]
[Black "McKay, Brian"]
[Result "1-0"]
[WhiteElo "2086"]
[BlackElo "1856"]
[PlyCount "57"]
[EventDate "2022.11.25"]
[EventType "swiss"]
[EventRounds "5"]
[EventCountry "CAN"]

1. e4 d6 2. d4 g6 3. Nc3 Bg7 4. Be3 Nf6 5. Qd2 Ng4 6. Bg5 h6 7. Bh4 c6 8. h3
Nf6 9. f4 Nbd7 10. Nf3 Qc7 11. e5 Nd5 12. Ne4 b5 13. a4 b4 14. a5 a6 15. Bc4
Rb8 16. O-O Bb7 17. Bxe7 Nxe7 18. exd6 Qd8 19. dxe7 Qxe7 20. Rfe1 O-O 21. Qd3
Qd8 22. Nd6 Ba8 23. Qxg6 Qf6 24. Qxf6 Nxf6 25. Re7 Nd5 26. Bxd5 cxd5 27. Ne5
Bf6 28. Ra7 Rbd8 29. Rxa6 1-0

[Event "Remembrance Day op"]
[Site "Halifax CAN"]
[Date "2022.11.27"]
[Round "5"]
[White "Marchand, Calix"]
[Black "Heran-Boily, Samuel"]
[Result "1-0"]
[WhiteElo "1782"]
[BlackElo "1925"]
[PlyCount "63"]
[EventDate "2022.11.25"]
[EventType "swiss"]
[EventRounds "5"]
[EventCountry "CAN"]

1. e4 e6 2. d3 d5 3. Nd2 Nf6 4. g3 dxe4 5. dxe4 Be7 6. Bg2 O-O 7. Ngf3 c5 8.
O-O Nc6 9. Re1 Qc7 10. c3 b5 11. Qc2 Bb7 12. h4 Rfd8 13. Nf1 e5 14. Bg5 Nd7 15.
Ne3 f6 16. Nd5 Qb8 17. Be3 c4 18. a4 a6 19. b3 Bc5 20. bxc4 bxc4 21. Qa2 Na5
22. Bxc5 Nxc5 23. Nb6 Bxe4 24. Nxc4 Bd5 25. Nfxe5 Nab3 26. Bxd5+ Rxd5 27. Nc6
Qb7 28. Ne7+ Kh8 29. Nxd5 Nxa1 30. Qxa1 Nd3 31. Rd1 Qxd5 32. Nb2 1-0

[Event "Remembrance Day op"]
[Site "Halifax CAN"]
[Date "2022.11.27"]
[Round "5"]
[White "Roy, Aidan"]
[Black "Sullivan, Madoc"]
[Result "0-1"]
[WhiteElo "1536"]
[BlackElo "1636"]
[PlyCount "104"]
[EventDate "2022.11.25"]
[EventType "swiss"]
[EventRounds "5"]
[EventCountry "CAN"]

1. c4 e5 2. Nc3 Nc6 3. e3 Nf6 4. a3 d5 5. cxd5 Nxd5 6. Nf3 Bg4 7. Be2 Nxc3 8.
bxc3 Bd6 9. Qc2 O-O 10. h4 f5 11. Qb3+ Kh8 12. Ng5 Qe8 13. Bxg4 fxg4 14. Qc2
Qh5 15. a4 Rae8 16. Ba3 Bxa3 17. Rxa3 Na5 18. g3 Nc4 19. Rb3 Nd6 20. Rb4 a5 21.
Rxg4 Rf5 22. Qd1 h6 23. Ne4 Nxe4 24. Rxe4 Qxd1+ 25. Kxd1 Rxf2 26. g4 Rd8 27. d4
exd4 28. cxd4 Rdf8 29. Re7 Ra2 30. Rxc7 Rff2 31. g5 Kh7 32. h5 hxg5 33. h6 Ra1+
34. Rc1 Rxc1+ 35. Kxc1 gxh6 36. Rd1 g4 37. d5 g3 38. d6 g2 39. d7 Rf8 40. e4
Kg7 41. Kd2 Kf7 42. Rg1 Rg8 43. Ke3 Ke7 44. Kf2 Kxd7 45. Rxg2 Rxg2+ 46. Kxg2 b5
47. axb5 a4 48. b6 a3 49. e5 a2 50. b7 Kc7 51. e6 a1=Q 52. e7 Qg7+ 0-1

[Event "Ruy Lopez"]
[Site "Gatineau CAN"]
[Date "2022.11.01"]
[Round "1"]
[White "Brault, Jean-Francois"]
[Black "Scantland, Patrick"]
[Result "0-1"]
[WhiteElo "1451"]
[BlackElo "1720"]
[PlyCount "38"]
[EventDate "2022.11.01"]
[EventType "swiss"]
[EventRounds "7"]
[EventCountry "CAN"]
[TimeControl "90/30:0"]

1. c4 e5 2. g3 Nf6 3. Bg2 Nc6 4. Nc3 Bb4 5. Nd5 Be7 6. b3 d6 7. Bb2 Be6 8. Nxe7
Qxe7 9. d4 exd4 10. Bxd4 Rd8 11. Bxf6 Qxf6 12. e3 O-O 13. Ne2 Ne5 14. O-O Nf3+
15. Kh1 Bg4 16. Ng1 Nxh2 17. Qd4 Qh6 18. Bxb7 Nf3+ 19. Kg2 Qh2# 0-1

[Event "Ruy Lopez"]
[Site "Gatineau CAN"]
[Date "2022.11.01"]
[Round "1"]
[White "Latreille, Etienne"]
[Black "Arsenault, Michel"]
[Result "1-0"]
[WhiteElo "2094"]
[BlackElo "1854"]
[PlyCount "107"]
[EventDate "2022.11.01"]
[EventType "swiss"]
[EventRounds "7"]
[EventCountry "CAN"]
[TimeControl "90+30"]

1. e4 c5 2. Nf3 Nc6 3. Bb5 g6 4. O-O Bg7 5. c3 Nf6 6. Re1 O-O 7. d4 cxd4 8.
cxd4 d5 9. e5 Ne8 10. h3 Nc7 11. Bxc6 bxc6 12. Qc2 Qd7 13. Nbd2 Ne6 14. Nb3 Rb8
15. Bd2 Ba6 16. Rac1 Rfc8 17. Ng5 Bc4 18. Nxe6 Bxb3 19. axb3 Qxe6 20. b4 Rb6
21. Ra1 Rc7 22. Ra5 Rbb7 23. Qc5 f6 24. Bf4 g5 25. Bg3 f5 26. f4 Bh6 27. fxg5
Bxg5 28. Re2 Qh6 29. Ra6 Bd2 30. Qc2 Bxb4 31. Qxf5 e6 32. Qf6 Bf8 33. Bf4 Qg6
34. Rf2 Be7 35. Qxg6+ hxg6 36. Rc2 Rb6 37. Ra1 c5 38. Bd2 Rb5 39. Kh2 c4 40.
Bc1 Rcb7 41. Ra6 R5b6 42. Ra1 Kf8 43. Rf2+ Ke8 44. Kg3 Rb3+ 45. Kg4 Rd3 46. Rf4
Rbb3 47. Rf6 Bxf6 48. exf6 Rxd4+ 49. Kg5 Rg3+ 50. Kh6 Kf7 51. Bg5 Rxg2 52.
Rxa7+ Kf8 53. h4 Rxb2 54. Kxg6 1-0

[Event "Ruy Lopez"]
[Site "Gatineau CAN"]
[Date "2022.11.01"]
[Round "1"]
[White "Legault, Stephane"]
[Black "Lecorre, Joel"]
[Result "0-1"]
[WhiteElo "1425"]
[BlackElo "1504"]
[PlyCount "100"]
[EventDate "2022.11.01"]
[EventType "swiss"]
[EventRounds "7"]
[EventCountry "CAN"]
[TimeControl "90/30:0"]

1. e4 e6 2. d4 d5 3. exd5 exd5 4. Nc3 Nf6 5. Nf3 Bd6 6. Bg5 c6 7. Be2 Be6 8. a3
Nbd7 9. O-O O-O 10. Re1 Qc7 11. b4 a6 12. g3 h6 13. Bc1 b6 14. Na4 Ne4 15. Bb2
f5 16. Bd3 Rfe8 17. Bxe4 fxe4 18. Nh4 Nf6 19. Ng2 Bg4 20. Qd2 Rf8 21. Rac1 Bf3
22. Nh4 Bg4 23. Re3 g5 24. Ng2 Rae8 25. Ba1 Nh5 26. Nb2 Qd7 27. c4 Bf3 28. Ne1
g4 29. Ng2 Re6 30. c5 Bc7 31. cxb6 Bxb6 32. Na4 Ba7 33. Nc5 Bxc5 34. dxc5 Qf7
35. Qd4 Kh7 36. Nf4 Nxf4 37. gxf4 Rg8 38. Kf1 Qh5 39. Ke1 Qxh2 40. Rxf3 exf3+
41. Kd2 Re2+ 42. Kc3 Qxf2 43. Qd3+ Re4 44. Kb3 Rg6 45. Qxa6 Qe3+ 46. Ka4 d4 47.
f5 Rf6 48. Qb7+ Re7 49. Qb8 Qxc1 50. Bxd4 Qd1+ 0-1